Identification of simultaneous equation models with measurement error (Registro nro. 26068)

Detalles MARC
000 -LEADER
fixed length control field 00359 a2200109 4500
001 - CONTROL NUMBER
control field ART_12076
005 - DATE AND TIME OF LATEST TRANSACTION
control field 20260410161903.0
008 - FIXED-LENGTH DATA ELEMENTS--GENERAL INFORMATION
fixed length control field 260409a
100 1# - MAIN ENTRY--PERSONAL NAME
Personal name Geraci, Vincent J.
245 10 - TITLE STATEMENT
Title Identification of simultaneous equation models with measurement error
773 0# - HOST ITEM ENTRY
Title Journal of econometrics
Related parts - Vol. 4, Nº 3 (ago. 1976)
Record control number REV11720

No hay ítems disponibles.